000 00624nam a2200229Ia 4500
003 OSt
005 20221007071650.0
006 a|||||r|||| 00| 0
007 ta
008 221006b |||||||| |||| 00| 0 eng d
024 _a16,661
037 _cTextual
040 _aFLL
_cFLL
_beng
041 _2eng
_aeng
082 _aY1:434:Z1:12, L1
100 _aHandler Joel F. Ed.
_9689175
245 0 _aFamily law and the poor
260 _aLondon
_bFrank Cass & Co. England
_c1971
300 _axix,220p
_ccm.
942 _hY1:434:Z1:12, L1
_cTEXL
_2CC
999 _c1143922
_d1143922